000 00522nam a2200205Ia 4500
003 OSt
005 20230615112732.0
008 210423s1971 xx 000 0 und d
040 _cAL
041 _aeng
082 _a361.3
_223
_bIGNS
100 _aIGNOU
_9116114
245 _aSecondary methods of social work
260 _bIgnou
_c1971
365 _b118
_cINR
650 _aSocial Problems & Services
_9116115
650 _aSocial Work
_9116116
906 _amethods ; Secondary ; social ; work
942 _2ddc
_cBK
999 _c175435
_d175435